Missing Word: #1 Hits of 1981 & 1982 Quiz Stats

 Plays Quiz Updated Mar 18, 2015

Challenge
Share
Tweet
Embed
Score 0/20 Timer 03:00
3 Plays Today
#1 Hit Song Missing Word % Correct
_____ of the TigerEye
97.8%
I Love Rock 'n' _____Roll
97.7%
Chariots of _____Fire
95.5%
Endless _____Love
95.4%
_____ to 59
95.1%
_____ and IvoryEbony
94.4%
Up Where We _____Belong
90.3%
Jessie's _____Girl
89.8%
_____ Davis EyesBette
87.1%
Hard to Say I'm _____Sorry
85.4%
#1 Hit Song Missing Word % Correct
The Tide is _____High
84.9%
Jack & _____Diane
81.9%
Don't You _____ MeWant
80.1%
_____ Can It Be Now?Who
77.2%
I Can't Go for _____ (No Can Do)That
76.4%
_____ on Loving YouKeep
74.2%
(Just Like) _____ OverStarting
66%
The _____ That You LoveOne
63%
I Love a _____ NightRainy
59.8%
Arthur's Theme ( _____ That You Can Do)Best
39%

Today's Daily Dose

You're not logged in!

Compare scores with friends on all Sporcle quizzes.
Join for Free
OR
Log In

You Might Also Like...

Show Comments

Extras

Top Quizzes Today


Score Distribution

Your Account Isn't Verified!

In order to create a playlist on Sporcle, you need to verify the email address you used during registration. Go to your Sporcle Settings to finish the process.

Report this User

Report this user for behavior that violates our Community Guidelines.

Details: